000 01784nam a2200241Ia 4500
008 260220t1959||||xx |||||||||||||| ||spa||
040 _aPY-SlUNAC
_bspa
_erda
041 _aspa
082 _a540.3
_bR795d
100 _aRose, Arthur y Elizabeth
_eAutor
245 0 _aDiccionario de química y de productos químicos :
_bespañol - inglés / inglés - español /
_cpor Arthur y Elizabeth Rose [Autor]
264 _aBarcelona :
_bOmega,
_c℗1959.
300 _a1 volumen
520 _aEl "Diccionario de química y de productos químicos" de Arthur y Elizabeth Rose es una obra de referencia fundamental que abarca una amplia gama de términos y conceptos relacionados con la química en español e inglés. Publicado en 1959 por la editorial Omega, el diccionario se presenta como una herramienta indispensable para estudiantes, investigadores y profesionales del campo químico, facilitando la comprensión y el uso de la terminología específica en ambos idiomas. A lo largo de sus páginas, el texto no solo incluye definiciones precisas, sino también términos técnicos y productos químicos, lo que lo convierte en un recurso valioso para la traducción y el estudio del lenguaje científico. La obra refleja el estado del conocimiento químico de la época, ofreciendo un puente entre las comunidades hispanohablantes e angloparlantes. Su meticulosa recopilación de términos asegura una consulta eficaz y un aprendizaje fluido, promoviendo así el intercambio de información en el ámbito de la química globalmente.
653 _aDiccionarios
653 _aQuímica
653 _aTraducción
942 _b2026/02/17
_cBK
999 _c7864
_d7864